|
|
|
|
| LEADER |
00000nam0a2200000 4500 |
| 001 |
260568 |
| 005 |
20231228132656.0 |
| 035 |
|
|
|a (RuTPU)RU\TPU\book\283520
|
| 090 |
|
|
|a 260568
|
| 100 |
|
|
|a 20140516d2014 m y0rusy50 ca
|
| 101 |
0 |
|
|a rus
|
| 102 |
|
|
|a RU
|
| 105 |
|
|
|a a j 001zy
|
| 200 |
1 |
|
|a Химическая технология нефти и газа
|e конспект лекций
|e учебное пособие
|f Национальный исследовательский Томский политехнический университет (ТПУ) ; сост. Е. Н. Ивашкина ; Е. М. Юрьев ; А. А. Салищева
|
| 210 |
|
|
|a Томск
|c Изд-во ТПУ
|d 2014
|
| 215 |
|
|
|a 158 с.
|c ил.
|
| 320 |
|
|
|a Библиогр.: с. 153-156.
|
| 330 |
|
|
|a В пособии рассмотрено современное состояние развития нефтеперерабатывающей промышленности Росси и мира; кратко сформулированы теоретические и технологические основы процессов, применяемых на современных нефтегазоперерабатывающих предприятиях. Освещены подходы к решению проблемы повышения качества нефтепродуктов и увеличения глубины переработки углеводородного сырья.Предназначено для студентов, обучающихся по направлению 241000 «Энерго- и ресурсосберегающие процессы в химической технологии, нефтехимии и биотехнологии».Пособие подготовлено при поддержке гранта Президента Российской Федерации для государственной поддержки молодых российских ученых № MK-3003.20I3.3 «Технология экологически безопасных поверхностно-активных веществ с продленным сроком службы платиносодержащего катализатора».
|
| 452 |
|
1 |
|0 (RuTPU)RU\TPU\book\290691
|t Химическая технология нефти и газа
|o учебное пособие
|o конспект лекций
|f Национальный исследовательский Томский политехнический университет (ТПУ), Институт природных ресурсов (ИПР), Кафедра химической технологии топлива и химической кибернетики (ХТТ) ; сост. Е. Н. Ивашкина ; Е. М. Юрьев ; А. А. Салищева
|c Томск
|n Изд-во ТПУ
|d 2014
|
| 606 |
1 |
|
|a Нефть
|x Химия
|2 stltpush
|3 (RuTPU)RU\TPU\subj\33709
|
| 610 |
1 |
|
|a нефтеперерабатывающие предприятия
|
| 610 |
1 |
|
|a Россия
|
| 610 |
1 |
|
|a зарубежные страны
|
| 610 |
1 |
|
|a углеводородные газы
|
| 610 |
1 |
|
|a подготовка
|
| 610 |
1 |
|
|a переработка
|
| 610 |
1 |
|
|a парафиновые углеводороды
|
| 610 |
1 |
|
|a термические превращения
|
| 610 |
1 |
|
|a термокаталитические превращения
|
| 610 |
1 |
|
|a метанол
|
| 610 |
1 |
|
|a синтез
|
| 610 |
1 |
|
|a трубчатые установки
|
| 610 |
1 |
|
|a нефтяные дистилляты
|
| 610 |
1 |
|
|a нефтяное сырье
|
| 610 |
1 |
|
|a коксование
|
| 610 |
1 |
|
|a гидрокрекинг
|
| 610 |
1 |
|
|a изомеризация
|
| 610 |
1 |
|
|a вакуумный газойль
|
| 610 |
1 |
|
|a алкилирование
|
| 610 |
1 |
|
|a нефтяные масла
|
| 610 |
1 |
|
|a учебные пособия
|
| 610 |
1 |
|
|a лекции
|
| 610 |
1 |
|
|a труды учёных ТПУ
|
| 675 |
|
|
|a 665.6(075.8)
|v 3
|
| 702 |
|
1 |
|a Ивашкина
|b Е. Н.
|c химик-технолог
|c доцент Томского политехнического университета, кандидат технических наук
|f 1983-
|g Елена Николаевна
|3 (RuTPU)RU\TPU\pers\24965
|4 220
|
| 702 |
|
1 |
|a Юрьев
|b Е. М.
|c специалист в области нефтегазового дела
|c доцент Томского политехнического университета, кандидат технических наук
|f 1986-
|g Егор Михайлович
|3 (RuTPU)RU\TPU\pers\24964
|4 220
|9 11118
|
| 702 |
|
1 |
|a Салищева
|b А. А.
|g Анастасия Александровна
|4 220
|
| 712 |
0 |
2 |
|a Национальный исследовательский Томский политехнический университет (ТПУ)
|c (2009- )
|3 (RuTPU)RU\TPU\col\15902
|
| 801 |
|
1 |
|a RU
|b 63413507
|c 20140516
|
| 801 |
|
2 |
|a RU
|b 63413507
|c 20151015
|g RCR
|
| 942 |
|
|
|c BK
|